On the least primitive root of extended Sophie Germain Primes and Legendre primes (Record no. 38314)
[ view plain ]
| 000 -LEADER | |
|---|---|
| fixed length control field | 00497nam a22001697a 4500 |
| 003 - CONTROL NUMBER IDENTIFIER | |
| control field | CUTN |
| 005 - DATE AND TIME OF LATEST TRANSACTION | |
| control field | 20221212223652.0 |
| 008 - FIXED-LENGTH DATA ELEMENTS--GENERAL INFORMATION | |
| fixed length control field | 221210b |||||||| |||| 00| 0 eng d |
| 041 ## - LANGUAGE CODE | |
| Language | English |
| 082 ## - DEWEY DECIMAL CLASSIFICATION NUMBER | |
| Classification number | 510 |
| Item number | SAS |
| 100 ## - MAIN ENTRY--PERSONAL NAME | |
| Personal name | Saswati, Sinha (R190203) |
| 245 ## - TITLE STATEMENT | |
| Title | On the least primitive root of extended Sophie Germain Primes and Legendre primes |
| 260 ## - PUBLICATION, DISTRIBUTION, ETC. (IMPRINT) | |
| Place of publication, distribution, etc | Thiruvarur |
| Name of publisher, distributor, etc | Central University of Tamil Nadu |
| Date of publication, distribution, etc | March,2022 |
| 650 ## - SUBJECT ADDED ENTRY--TOPICAL TERM | |
| Topical term or geographic name as entry element | Mathematics |
| 700 ## - ADDED ENTRY--PERSONAL NAME | |
| Personal name | Ramesh, V P |
| 942 ## - ADDED ENTRY ELEMENTS (KOHA) | |
| Source of classification or shelving scheme | Dewey Decimal Classification |
| Koha item type | Thesis/Dissertation & Project |
| Withdrawn status | Lost status | Source of classification or shelving scheme | Damaged status | Not for loan | Collection code | Home library | Location | Shelving location | Date of Cataloging | Total Checkouts | Full call number | Barcode | Date last seen | Price effective from | Koha item type | Public note |
|---|---|---|---|---|---|---|---|---|---|---|---|---|---|---|---|---|
| Dewey Decimal Classification | Not For Loan | Reference | CUTN Central Library | CUTN Central Library | Thesis, Dissertation & Project | 10/12/2022 | 510 SAS | T067 | 10/12/2022 | 10/12/2022 | Thesis/Dissertation & Project | Mathematics- Thesis |
